000 01456nam a2200349 i 4500
001 198253
003 ES-MaACL
005 20260422182305.0
007 ta
008 260422s1993 mx a|||| |||| 001 0cspa d
020 _a968-27-0560-6
040 _aES-MaACL
_bspa
_cES-MaACL
_erda
044 _amx
080 _a929-054.74-055.2(=1:460:100)"1939/75"
100 1 _aBravo, Blanca
_4aut
_931446
_eaut
245 1 0 _aNuevas raíces :
_btestimonios de mujeres españolas en el exilio /
_cBlanca Bravo, Milagros Latorre Piquer, Carmen Romero, Leonor Sarmiento, Begoña Alonso, María Tarragona, María Magda Sans, Laura del Castillo, Guillermina Medrano, Amparo Segarra, Genoveva Pons Rotger
250 _aPrimera edición, abril de 1993
264 1 _aMéxico D.F. :
_bEditorial Joaquín Mortiz,
_c1993
264 4 _c©1993
300 _a355 páginas :
_bilustraciones (blanco y negro) ;
_c20 cm
336 _2rdacontent
_aTexto
337 _2rdamedia
_asin mediación
338 _2rdacarrier
_avolumen
500 _aRegistro provisional
500 _aDedicatoria autógrafa: "Para Elena Rocha, afectuosamente Carmen Romero"
500 _aÍndice
650 4 _aExiliados españoles-
_y1939-1975
_912658
852 _aES-MaACL
_cDES
_jDB-136
_hDonación: Miguel Guedán
_xEncuadernación rústica
_zDedicatoria autógrafa de una de las autoras
_9207225
942 _cMONOGRAFIA
_n0
999 _c198253
_d198253